| 000 | 00774nam a2200205 a 4500 | ||
|---|---|---|---|
| 003 | 0 | ||
| 005 | 20250624100937.0 | ||
| 008 | 021119s19uu xx 00 eng d | ||
| 050 |
_aPHS HQ 471 _b.M36 1999 |
||
| 100 | _aMante, Stephen G. | ||
| 245 |
_aEffects of exposure of pornography to high school students / _cStephen G. Mante. |
||
| 260 |
_aLas PiƱas City, Philippines : _bSouthville International School and Colleges, _c1999. |
||
| 300 |
_a30 pages : _billustrations ; _c28 cm. |
||
| 504 | _aIncludes bibliographical references. | ||
| 650 |
_aPornography _xPsychological aspects _zPhilippines. |
||
| 650 |
_aPornography _xSocial aspects _zPhilippines. |
||
| 650 |
_aMass media _xInfluence _zPhilippines. |
||
| 650 |
_aSex in mass media _zPhilippines. |
||
| 942 |
_2lcc _cPASS |
||
| 999 |
_c96270 _d96270 |
||